Internet Applications with the Java TM 2 Platform /

Salvato in:
Dettagli Bibliografici
Autore principale: Art Gittleman (Autore)
Natura: Libro
Lingua:inglese
Pubblicazione: El Granada, California Scott/Jones Inc. 2001
Serie:2.vyd.
Tags: Aggiungi Tag
Nessun Tag, puoi essere il primo ad aggiungerne!!

MARC

LEADER 00000nam a22000003a 4500
001 0094549
003 SK-STU
005 20220322134838.6
007 ta
008 220322s ----xo-----e------000-0-----d
020 |a 1-57676-052-9 
040 |a STU  |b slo 
041 0 |a eng  |h eng 
044 |a xxu 
100 1 |a Art Gittleman  |4 aut 
245 1 0 |a Internet Applications with the Java TM 2 Platform /  |c aut. Art Gittleman 
260 |a El Granada, California  |b Scott/Jones Inc.  |c 2001 
300 |a 516 s. 
490 0 |a 2.vyd. 
996 |b 284IK06878  |c I*16PJ6825  |l II680  |s A  |a 24  |w 0094549_0001